Medical Abbreviations Chapter 7 - Statistics

General Stats
  • This quiz has been taken 25 times
  • The average score is 4 of 13
Answer Stats
Abbreviation Answer % Correct
TB tuberculosis
89%
COPD chronic obstructive pulmonary disease
74%
CF cystic fibrosis
58%
SIDS sudden infant death syndrome
47%
URI upper respiratory infection
42%
ARDS acute respiratory distress syndrome
37%
RF respiratory failure
16%
Br bronchitis
11%
PFT pulmonary function tests
11%
ETT endotracheal intubation
5%
FESS functional endoscopic sinus surgery
5%
CSB Cheyne-Stokes breathing
0%
HBOT hyperbaric oxygen therapy
0%
No matching quizzes found
Score Distribution
Percent of People with Each Score
Percentile by Number Answered
Your Score History
You have not taken this quiz